[Event "RUS-chT U14"]
[Site "Sochi"]
[Date "2015.05.04"]
[Round "4.1"]
[White "Shirokov, Aleksey"]
[Black "Bogolepov, Grigory"]
[Result "0-1"]
[WhiteElo "1839"]
[BlackElo "1944"]
[PlyCount "104"]
[EventDate "2015.05.01"]
[EventType "team-swiss"]
[EventRounds "7"]
[EventCountry "RUS"]
[SourceTitle "EXT 2018"]
[Source "ChessBase"]
[SourceDate "2017.10.13"]
[SourceVersion "1"]
[SourceVersionDate "2017.10.13"]
[SourceQuality "1"]

1. e4 c5 2. Nf3 Nc6 3. d4 cxd4 4. Nxd4 e6 5. Nc3 Qc7 6. Be3 a6 7. Qd2 Nf6 8. 0-0-0 Be7 9. f3 b5 10. g4 Nxd4 11. Qxd4 Bb7 12. g5 Nh5 13. Kb1 Rc8 14. a3 h6 15. h4 Bc5 16. Qd2 Bxe3 17. Qxe3 Nf4 18. Rd2 Kf8 19. Rg1 hxg5 20. hxg5 d5 21. e5 Ng6 22. f4 Qc5 23. Qxc5+ Rxc5 24. Rf2 Rh4 25. Bd3 Rxf4 26. Rxf4 Nxf4 27. Rf1 Nxd3 28. cxd3 Kg8 29. d4 Rc7 30. Rh1 Rc8 31. Rh4 Rf8 32. Kc2 Bc6 33. b4 Be8 34. Rf4 Kh7 35. Nd1 Kg6 36. Rf3 Kxg5 37. Rg3+ Kh6 38. Ne3 f5 39. Rh3+ Bh5 40. Ng2 g5 41. Rc3 f4 42. Kd2 f3 43. Ne3 g4 44. Nf1 Kg5 45. Rc6 Kh4 46. Rxe6 g3 47. Ke3 g2 48. Kf2 gxf1Q+ 49. Kxf1 f2 50. Rh6 Kg5 51. Rxh5+ Kxh5 52. e6 Re8 0-1